Handbuch der Schweisstechnik Band 4. : Berechnung der Verbindungen /

Salvato in:
Dettagli Bibliografici
Autori principali: Ruge, Jürgen (Autore), Thomas, Karl (Autore)
Natura: Libro
Lingua:tedesco
Pubblicazione: Berlin : Springer Verlag, 1988
Tags: Aggiungi Tag
Nessun Tag, puoi essere il primo ad aggiungerne!!

MARC

LEADER 00000nam a22000003a 4500
001 stu30337
005 20150617225734.5
008 970514s1988----gw------------------ger-d
020 |a 3-540-17977-1 
040 |a STU  |b slo 
041 0 |a ger 
044 |a gw 
080 |a 624.1 
100 1 |a Ruge, Jürgen  |4 aut 
245 1 |a Handbuch der Schweisstechnik Band 4. :  |b Berechnung der Verbindungen /  |c [aut]Ruge,Jürgen;Thomas,Karl 
260 |a Berlin :  |b Springer Verlag,  |c 1988 
300 |a 596 s 
700 1 |a Thomas, Karl  |4 aut 
996 |c V*44481/O-19384  |l VV9  |s P  |a 0  |w stu30337_0001